=LDR 00000nam 2200000 4500 =001 INLIS000000000000160 =005 20150225084428.0 =006 =007 =008 Ind =035 ##$$0010-061300000000160 =041 ##$$a Ind =082 ##$$a 92(Tirtasudiro) =090 ##$$a 92(Tirtasudiro) Tuj =245 ##$$a 70 Tahun Achmad Tirtasudiro, profil prajurit pengabdi, Penyunting, Ahmad Zacky Siradj =260 ##$$aJakarta$bIntermasa$c1992 =300 ##$$a xix, 489 hlm. : ilus. ; 21 cm =650 ##$$a Tirtasudiro, Ahmad-Biografi =700 ##$$a Siraj, Ahmad Zacky =850 ##$$a NBPNMAT